World library and information congress (Запись № 3069770)

Подробности
000 -МАРКЕР
контрольное поле 01684nam0a2200325 4500
001 - ИДЕНТИФИКАТОР ЗАПИСИ
контрольное поле RU\NLR\b_ik\129925
005 - ИДЕНТИФИКАТОР ВЕРСИИ
контрольное поле 20260407114359.0
035 ## - ДРУГИЕ СИСТЕМНЫЕ НОМЕРА
Идентификатор записи (NLR Aleph) 002203300
100 ## - ДАННЫЕ ОБЩЕЙ ОБРАБОТКИ
Данные общей обработки 20050608d2004 |||y0rusy50 ca
101 0# - ЯЗЫК РЕСУРСА
Язык текста, звукозаписи и т.д. английский
-- испанский, кастильский испанский
102 ## - СТРАНА ПУБЛИКАЦИИ ИЛИ ПРОИЗВОДСТВА
Страна публикации Российская Федерация
105 ## - ПОЛЕ КОДИРОВАННЫХ ДАННЫХ: ТЕКСТОВЫЕ МАТЕРИАЛЫ, МОНОГРАФИЧЕСКИЕ
Кодированные данные о монографическом текстовом документе ac |||||||||
200 1# - ЗАГЛАВИЕ И СВЕДЕНИЯ ОБ ОТВЕТСТВЕННОСТИ
Основное заглавие World library and information congress
Параллельное заглавие Congreso mundial sobre bibliotecas e información
Сведения, относящиеся к заглавию conference programme
Первые сведения об ответственности 70th IFLA General conf. a. council, Buenos Aires, 2004, August 22-27
Язык параллельного заглавия испанский, кастильский испанский
210 ## - ПУБЛИКАЦИЯ, РАСПРОСТРАНЕНИЕ И ДР.
Место издания, распространения и т.д. S.l.
Имя издателя, распространителя и т. д. s.n.
Дата издания, распространения и т.д. [2004]
215 ## - ФИЗИЧЕСКАЯ ХАРАКТЕРИСТИКА
Специфическое обозначение материала и объем 110 с.
Другие сведения о физической характеристике ил., цв. ил., портр.
Размеры 30
300 ## - ОБЩИЕ ПРИМЕЧАНИЯ
Текст примечания Текст на англ. и исп. яз.
320 ## - ПРИМЕЧАНИЯ О НАЛИЧИИ В ДОКУМЕНТЕ БИБЛИОГРАФИИ / УКАЗАТЕЛЯ
Текст примечания Указ.: с. 57-63
510 1# - ПАРАЛЛЕЛЬНОЕ ЗАГЛАВИЕ
Параллельное заглавие Congreso mundial sobre bibliotecas e información
Язык заглавия испанский, кастильский испанский
541 0# - ПЕРЕВОД ЗАГЛАВИЯ, СДЕЛАННЫЙ КАТАЛОГИЗАТОРОМ
Заглавие Международная федерация библиотечных ассоциаций.Генеральная конференция
Язык заглавия русский
601 02 - НАИМЕНОВАНИЕ ОРГАНИЗАЦИИ КАК ПРЕДМЕТ
Начальный элемент ввода Международная федерация библиотечных ассоциаций и учреждений
Формальный подзаголовок Съезды, совещания и т.п.
Системный номер авторитетной/нормативной записи 2621817
Идентификатор авторитетной/нормативной записи RU\NLR\AUTH\661558377
686 4# - ИНДЕКСЫ ДРУГИХ КЛАССИФИКАЦИЙ
Индекс Ч734(0)л51
711 02 - НАИМЕНОВАНИЕ ОРГАНИЗАЦИИ - АЛЬТЕРНАТИВНАЯ ОТВЕТСТВЕННОСТЬ
Код отношения Автор
Материалы, к которым относится поле eng
Начальный элемент ввода International federation of library associations and institutions
Структурное подразделение General conference
Порядковый номер временной организации и / или порядковый номер ее части 70
Дата проведения временной организации 2004
Место проведения временной организации Buenos Aires
Графика поля Латинская
Идентификатор авторитетной/нормативной записи RU\NLR\AUTH\8810066160
Системный номер авторитетной/нормативной записи 633944
711 02 - НАИМЕНОВАНИЕ ОРГАНИЗАЦИИ - АЛЬТЕРНАТИВНАЯ ОТВЕТСТВЕННОСТЬ
Код отношения Автор
Материалы, к которым относится поле spa
Начальный элемент ввода Federación internacional de asociaciónes de bibliotecários e instituciónes
Структурное подразделение Conferencia general
Порядковый номер временной организации и / или порядковый номер ее части 70
Дата проведения временной организации 2004
Место проведения временной организации Buenos Aires
Графика поля Латинская
Идентификатор авторитетной/нормативной записи RU\NLR\AUTH\8810066381
Системный номер авторитетной/нормативной записи 634382
801 #0 - ИСТОЧНИК ЗАПИСИ
Страна Российская Федерация
Организация NLR
Дата составления 20050608
Правила каталогизации PSBO
942 ## - ДОПОЛНИТЕЛЬНЫЕ ЭЛЕМЕНТЫ ЗАПИСИ (АБИС)
Тип экземпляра АБИС Книга
980 ## - КОЛЛЕКЦИЯ
Название коллекции Национальная библиография
Экземпляры
Тип экземпляра Дата поступления Источник поступления Стоимость Библиотека постоянного хранения Библиотека текущего хранения Место хранения Шифр хранения Штрих-код Статус экземпляра Публичное примечание
Книга 08.06.2005 Международный обмен 100.00 РНБ (Садовая) РНБ (Садовая) Фонд литературы по библиотековедению, иностранная Би 1675/W-924 1039676   ;